Judas y el evangelio de Jesús : el Judas de la fe y el Iscariote de la historia / Tom Wright ; traducción de Francisco Campillo Ruiz

Guardat en:
Dades bibliogràfiques
Autor principal: Wright, Tom (autor)
Altres autors: Campillo Ruiz, Francisco (autor) (autor)
Format: Llibre
Col·lecció:Colección a los Cuatro Vientos ; vol. 31
Matèries:
Etiquetes: Afegir etiqueta
Sense etiquetes, Sigues el primer a etiquetar aquest registre!

MARC

LEADER 00000nam^a2200000^u^4500
001 000549921
005 20250521000000.0
008 060220s1000^^^^^^^^^^^^r^^^^^000^0^spa^d
009 20260310131522.965
022 |a 9788433022134 
035 |a FMI 000019690 
037 |a Acervo Xavier Clavigero 
096 |a 1.6/1/A 
100 |a Wright, Tom  |e (autor) 
245 1 0 |a Judas y el evangelio de Jesús : el Judas de la fe y el Iscariote de la historia / Tom Wright ; traducción de Francisco Campillo Ruiz 
264 |a Bilbao (España) : Descée de Brouwer 
300 |a 137 p. 
336 |a texto  |b txt  |2 rdacontenido 
337 |a sin mediación  |b n  |2 rdamedio 
338 |a volumen  |b nc  |2 rdasoporte 
440 0 |a Colección a los Cuatro Vientos ; vol. 31 
597 |a Traducido de: Judas and the gospel of Jesus 
649 |a XX 
650 |a Comentarios Bíblicos 
700 |a Campillo Ruiz, Francisco  |e (autor) 
910 |a Fondo Francisco Migoya Covarrubias S.J. 
920 |a Impresos - Libros 
930 |a Fondos Especiales 
905 |a 134 
901 |a SBC28657  |b IT2  |c ESP  |u 20250521 
902 |a https://opac.biblio.iteso.mx/vufind/Record/000549921